000 00837nam a2200301Ia 4500
001 13311
003 IT-RoPAU
008 130308s9999 xx 000 0 und d
040 _aIT-RoPAU
040 _cIT-RoPAU
041 _aITALIANO
100 _aDallapiccola Luigi
100 _gCodice Aut. SPICS: 7608
245 _aIn margine al recente congresso internazionale di musica a Firenze
245 _bRassegna Musicale (La)-Antologia
250 _a1a ed.
260 _aMILANO
260 _bFeltrinelli
260 _c1966 [1° Ed.:1966 - Ed.Ling.Originale:1939]
300 _a"8 p. (prefazione: no ; testo: 8 [pagine: 377-384])"
500 _aCon Risposta del Prof. Alfredo Parente
650 _aSAGGI MUSICALI
650 _eCodice materia Spics: 7011
942 _cBK
957 _71
999 _c59989
_d59989
999 _bSI
999 _g1